Most efficient windfarm opened (Record no. 70694)
[ view plain ]
| 000 -LEADER | |
|---|---|
| fixed length control field | 00813cam a2200181 4500 |
| 001 - CONTROL NUMBER | |
| control field | WB3825-06 |
| 008 - FIXED-LENGTH DATA ELEMENTS--GENERAL INFORMATION | |
| fixed length control field | 020710n2002 000 0 eng u |
| 035 ## - SYSTEM CONTROL NUMBER | |
| System control number | (Sirsi) u118753 |
| 245 ## - TITLE STATEMENT | |
| Title | Most efficient windfarm opened |
| 260 ## - PUBLICATION, DISTRIBUTION, ETC. | |
| Date of publication, distribution, etc. | 2002 |
| 490 ## - SERIES STATEMENT | |
| Series statement | DTI Press Notice |
| Volume/sequential designation | (2002/436) 8 July 2002, (2) |
| 520 ## - SUMMARY, ETC. | |
| Summary, etc. | Energy Minister, Brian Wilson, has opened UK's most efficient windfarm in Bein an Tuirc, Argyll. 46 wind turbines will deliver enough electricity to supply 25 000 homes. Situation of windfarm contributes to efficiency. It is first of three such developments. www.nds.coi.gov.uk/coi/coipress.nsf/2b45e1e3ffe090ac802567350059d840/829bb126ff6bfdbe80256bf000312e88?OpenDocument |
| 590 ## - LOCAL NOTE (RLIN) | |
| Local note | WB |
| 650 ## - SUBJECT ADDED ENTRY--TOPICAL TERM | |
| Topical term or geographic name entry element | WINDFARMS |
| 650 ## - SUBJECT ADDED ENTRY--TOPICAL TERM | |
| Topical term or geographic name entry element | ENERGY EFFICIENCY |
| 690 ## - LOCAL SUBJECT ADDED ENTRY--TOPICAL TERM (OCLC, RLIN) | |
| Topical term or geographic name as entry element | Environment |
| 9 (RLIN) | 6238 |
| 942 ## - ADDED ENTRY ELEMENTS (KOHA) | |
| Suppress in OPAC | 0 |
| Withdrawn status | Lost status | Source of classification or shelving scheme | Damaged status | Not for loan | Home library | Current library | Shelving location | Date acquired | Total Checkouts | Full call number | Barcode | Date last seen | Copy number | Price effective from | Koha item type |
|---|---|---|---|---|---|---|---|---|---|---|---|---|---|---|---|
| Dewey Decimal Classification | London | London | News article | 10/07/2002 | WB3825-06 | 118753-1001 | 06/08/2019 | 1 | 06/08/2019 | News article |